000 02295nam a2200349 i 4500
001 50292
003 ES-MaACL
005 20251003152902.0
007 t|
008 030801m19671974sp ||||1| spa d
245 0 0 _aHistoria general de las civilizaciones /
_cbajo la dirección de Maurice Crouzet ; prefacio a la edición española por Jaime Vicens Vives.
250 _a4ª ed.
260 _aBarcelona :
_bDestino,
_c1967-1974.
300 _a7 v. ;
_c24 cm.
505 8 _aContiene: I: Oriente y Grecia Antigua / por André Aymard y Jeannine Auboyer ; [introducción por Eduardo Ripoll Perelló] -- II: Roma y su Imperio / por André Aymard y Jeannine Auboyer ; [traducción de Eduardo Ripoll Perelló]. -- V. III: La Edad Media: la expansión del Oriente y el nacimiento de la civilización occidental / por Edouard Perroy ; [traducción de Eduardo Ripoll Perelló ; revisión y adaptación Manuel Riu]. -- V. IV: Los siglos XVI y XVII: el progreso de la civilización europea y la decadencia de Oriente (1492-1715) / por Roland Moussier ; [traducción Juan Reglá]. -- V. V: El siglo XVIII: revolución intelectual técnica y política (1715-1815) / por Roland Mousnier y Ernest Labrousse ; con la colaboración de Marc Bouloiseau ; [versión de David Romano ; revisión y adaptación de Juan Reglá]. -- V. VI: El siglo XIX: el apogeo de la expansión europea (1815-1914) / por Robert Schnerb ; [traducción Santiago Sobrequés Vidal]. -- V. VII: La época contemporánea: en busca de una nueva civilización / por Maurice Crouzet ; [versión y adaptación J. Mª Espinas]
650 4 _aCivilización-
_xHistoria
_911082
700 1 _aCrouzet, Maurice.
_941736
700 1 _aVicens Vives, Jaime,
_d1910-1960
_9114319
700 1 _aAymard, André.
_924172
700 1 _aAuboyer, Jeanninne.
_923817
700 1 _aRipoll Perelló, Eduardo,
_d1923-2006
_997437
700 1 _aMousnier, Roland.
_983916
700 1 _aReglá, Juan,
_d1917-1973
_995897
700 1 _aLabrousse, Ernest.
_969301
700 1 _aBouloiseau, Marc.
_930927
700 1 _aRomano, David.
_999249
700 1 _aSchnerb, Robert.
_9104589
700 1 _aSobrequés i Vidal, Santiago.
_9106999
700 1 _aEspinàs, Josep M.,
_d1927-
_947850
852 _aES-MaACL
_jE-7017-23
999 _c50292
_d50292